100 árboles argentinos /
Guardado en:
| Autor Principal: | |
|---|---|
| Otros Autores: | |
| Formato: | Libro |
| Publicado: |
Buenos Aires :
Albatros,
2001
|
| Materias: | |
| Etiquetas: |
Agregar Etiqueta
Sin Etiquetas, Sea el primero en etiquetar este registro!
|
| LEADER | 00529nam a22001815a 4500 | ||
|---|---|---|---|
| 001 | CEM.cems017172 | ||
| 005 | 20100602160559.0 | ||
| 008 | 130507s2001##################000#0#####d | ||
| 003 | CEMS | ||
| 020 | |a 9789502409436 | ||
| 082 | 0 | 4 | |a 634.97 |
| 100 | 1 | |a Haene, Eduardo | |
| 245 | 1 | 0 | |a 100 árboles argentinos / |c Eduardo Haene y Gustavo Aparicio |
| 260 | |a Buenos Aires : |b Albatros, |c 2001 | ||
| 300 | |a 126 p. | ||
| 653 | |a Árboles argentinos | ||
| 700 | 1 | |a Aparicio, Gustavo | |
| 859 | |a CEMS |b BIB. CEMS - Agricultura |h 634.97 |i H118 |p A0898.09 |t Ej.1 | ||
